Platenie poistného na sociálne a zdravotné poistenie do verejnoprávnych fondov od 1. januára 2019

Prehľadné zobrazenie platenia poistného na sociálne a zdravotné poistenie do verejnoprávnych fondov od 1. januára 2019. Ilustračné príklady.

Na minha lista:
Detalhes bibliográficos
Autor principal: Macková, Zuzana
Formato: Capítulo de Livro
Idioma:eslovaco
Assuntos:
Tags: Adicionar Tag
Sem tags, seja o primeiro a adicionar uma tag!

MARC

LEADER 00000naa a2200000 4500
001 0250315
005 20221104110843.9
041 0 |a slo 
044 |a SK 
245 1 0 |a Platenie poistného na sociálne a zdravotné poistenie do verejnoprávnych fondov od 1. januára 2019  |c Zuzana Macková 
520 |a Prehľadné zobrazenie platenia poistného na sociálne a zdravotné poistenie do verejnoprávnych fondov od 1. januára 2019. Ilustračné príklady. 
610 2 0 |a poistenie sociálne 
610 2 0 |a poistenie zdravotné 
610 2 0 |a odvody 
610 2 0 |a pomer pracovný 
610 2 0 |a zákonník práce 
610 2 0 |a fondy verejné 
100 1 |a Macková, Zuzana